The challenge of effective speaking

Αποθηκεύτηκε σε:
Λεπτομέρειες βιβλιογραφικής εγγραφής
Κύριος συγγραφέας: Verderber, Rudolph F.
Μορφή: Βιβλίο
Γλώσσα:English
Δημοσίευση: Belmont, Calif. : Wadsworth Pub. Co., [1984], c1985.
Έκδοση:6η εκδ.
Θέματα:
Ετικέτες: Προσθήκη ετικέτας
Δεν υπάρχουν, Καταχωρήστε ετικέτα πρώτοι!

MARC

LEADER 00000cam a2200000 i 4500
001 1/26018
008 950725t19841985cau| ||| |||| ||eng||
020 |a 0534038859 ((pbk.)) 
035 |l 10022593 
040 |a GR-MyUA  |b gre  |e AACR2 
041 0 |a eng 
082 0 |a 808.51 
100 1 |a Verderber, Rudolph F. 
245 1 4 |a The challenge of effective speaking /   |c Rudolph F. Verderber.  
250 |a 6η εκδ.  
260 |a Belmont, Calif. :   |b Wadsworth Pub. Co.,   |c [1984], c1985.  
300 |a xiii, 400 σ. :   |b εικ. ;   |c 22 εκ.  
504 |a Περιλαμβάνει ευρετήριο.  
650 0 0 |a Public speaking. 
767 0 8 |i Μεταφρασμένο ως:   |t Αγωγή λόγου :  
852 |a INST  |b CHIOS  |e 19950725  |h 808.51 VER  |p 005200001921  |q 005200001921  |t BK  |y 0 
909 |a Χ  |b 017101